00868nam a2200241 a 450000100060000000300080000600500170001400800410003102000160007203500190008804000360010704100090014308200280015210000380018024500940021825000220031226000750033430000770040949000270048665000580051365000280057183000270059947283BD-RjUL20211209054304.0160420s1975 bg ||||| |||| 00| 0 ben d c: TK 25.00  a(BD-RjUL)47402 aBD-RjULbben cBD-RjULdBD-RjUL aben  223 a370.15 bHUS 1975 1 aহুদা, মুসলিম 10aশিক্ষা মনোবিজ্ঞান / cমুসলিম হুদা  a২য় সং. aঢাকা : bবাংলা একাডেমী, c১৯৭৫ a[১৪], ৩৪২ পৃ. : bচিত্র ; c২১ সেমি  aবাএ ;v৬৯০ aশিক্ষা মনোবিজ্ঞান  aEducational Psychology  aবাএ ;v৬৯০